Purgatorio (Registro nro. 589302)

Detalles MARC
001 - NÚMERO DE CONTROL
campo de control 1242363
005 - FECHA Y HORA DE LA ÚLTIMA TRANSACCIÓN
campo de control 20240202102559.0
008 - DATOS DE LONGITUD FIJA--INFORMACIÓN GENERAL
campo de control de longitud fija 110520s2011 spa
035 ## - NÚMERO DE CONTROL DEL SISTEMA
Número de control de sistema 1242363
035 ## - NÚMERO DE CONTROL DEL SISTEMA
Número de control de sistema (OCoLC)820584519
040 ## - FUENTE DE LA CATALOGACIÓN
Centro/agencia transcriptor comduadb
041 ## - CÓDIGO DE LENGUA
Código de lengua del texto/banda sonora o título independiente spa
100 10 - ENTRADA PRINCIPAL--NOMBRE DE PERSONA
Nombre de persona Restrepo, José Alejandro
Código de función aut
Término indicativo de función/relación Autor/a
9 (RLIN) 549537
245 10 - MENCIÓN DE TÍTULO
Título Purgatorio
260 ## - PUBLICACIÓN, DISTRIBUCIÓN, ETC.
Fecha de publicación, distribución, etc. 2011.
650 ## - PUNTO DE ACCESO ADICIONAL DE MATERIA--TÉRMINO DE MATERIA
Término de materia o nombre geográfico como elemento de entrada Restrepo, José Alejandro
9 (RLIN) 164996
650 ## - PUNTO DE ACCESO ADICIONAL DE MATERIA--TÉRMINO DE MATERIA
Término de materia o nombre geográfico como elemento de entrada Exposiciones de arte - Colombia
9 (RLIN) 62323
650 ## - PUNTO DE ACCESO ADICIONAL DE MATERIA--TÉRMINO DE MATERIA
Término de materia o nombre geográfico como elemento de entrada Purgatorio
9 (RLIN) 9371
650 ## - PUNTO DE ACCESO ADICIONAL DE MATERIA--TÉRMINO DE MATERIA
Término de materia o nombre geográfico como elemento de entrada Arte colombiano - Critica
9 (RLIN) 9346
773 0# - ENLACE AL DOCUMENTO FUENTE/ENTRADA DE REGISTRO ANFITRIÓN
Título Periódico Arteria
Parte(s) relacionada(s) A?o 06, No. 27, Ene.-Mar., 2011, p.5
Número de control del registro 1141553
Número Internacional Normalizado para Publicaciones Seriadas 1794-9653
Número bibliográfico anfitrión 506322
942 ## - ELEMENTOS DE ENTRADA AGREGADA (KOHA)
Tipo de ítem Koha Artículo de Revista

No hay ítems disponibles.